Resultados y lecciones en cultivo de cerezos en Aysén: proyectos de innovación en XI región de Aysén

-д хадгалсан:
Номзүйн дэлгэрэнгүй
Байгууллагын зохиогчид: Fundación para la Innovación Agraria (Зохиогч), Ministerio de Agricultura (Зохиогч)
Формат: Ном
Хэл сонгох:испани
Хэвлэсэн: Santiago FIA 2008
Цуврал:Experiencias de Innovación para el Emprendimiento Agrario, 14
Нөхцлүүд:
Шошгууд: Шошго нэмэх
Шошго байхгүй, Энэхүү баримтыг шошголох эхний хүн болох!

MARC

LEADER 00000nam a2200000 a 4500
001 UCH7768
003 CL-VaPUC
008 091126e20080000CL |||||||||||||||||spa|d
020 |a 9789567874958 
082 0 4 |a 634.23  |b FUN  |2 21 
110 2 |a Fundación para la Innovación Agraria  |e author  |9 544105 
710 2 |a Ministerio de Agricultura  |e author  |9 544106 
245 1 0 |a Resultados y lecciones en cultivo de cerezos en Aysén: proyectos de innovación en XI región de Aysén 
300 |a 40 p 
942 |c BK 
945 |d 20091126 00:00:00  |a rbrito 
260 |a Santiago  |b FIA  |c 2008 
650 7 |a CEREZO  |2 CL-VaPUC  |9 264837 
650 0 |a Cultivo  |9 264268 
650 0 |a Análisis de mercado   |9 260838 
650 0 |a Comercialización   |9 259326 
583 |a last modification  |c 20091126 00:00:00  |k Rodrigo Vera 
490 0 |a Experiencias de Innovación para el Emprendimiento Agrario, 14 
999 |c 338145  |d 338143 
952 |0 0  |1 0  |4 0  |6 634_230000000000000_FUN_2008  |7 0  |8 A  |9 431003  |a BIBAGR  |b BIBAGR  |d 2019-11-22  |i 462100K  |o 634.23 FUN 2008  |p 462100K  |r 2025-01-20  |w 2019-11-22  |y BK  |k AGR